If Country Flags Were... Soviet - Statistics

General Stats
  • This quiz has been taken 1,087 times
  • The average score is 15 of 16
Answer Stats
Picture Answer % Correct
Kazakhstan
99%
United States
99%
Brazil
98%
Denmark
98%
Italy
98%
Japan
98%
South Korea
98%
United Kingdom
98%
Norway
97%
Thailand
97%
Chile
95%
Kenya
94%
Mexico
92%
Switzerland
92%
Australia
91%
Togo
82%
No matching quizzes found
Score Distribution
Percent of People with Each Score
Percentile by Number Answered
Your Score History
You have not taken this quiz